00425nam a2200157Ia 4500008004100000082002100041100001900062245003800081250000600119260002000125300000800145600001900153630003800172700001900210730003800229151018s9999 xx 000 0 und d bRBASDV45050a510 aShayama Chona aMathematics Laboratory Activities b1 bHar-Anandc2006 a124 aShayama Chona aMathematics Laboratory Activities aShayama Chona aMathematics Laboratory Activities